| 000 | 00413nam a2200181Ia 4500 | ||
|---|---|---|---|
| 001 | 5187 | ||
| 005 | 20260306145850.0 | ||
| 008 | 260306t2018||||xx |||||||||||||| ||spa|| | ||
| 041 | _aESP | ||
| 082 |
_a337 _bT59 |
||
| 100 |
_aTirole, Jean _eAUT |
||
| 245 | 0 | _aLa economía del bien común | |
| 260 | _c2018 | ||
| 300 |
_a577 páginas : _c24 cm. |
||
| 650 | _aGEN | ||
| 654 | _aCAN | ||
| 942 |
_cLIB _dJUS _fJUS _2ddc _n |
||
| 999 |
_c5187 _d5187 |
||